000 00395 a2200121 4500
001 147147
040 _cEscola São Tomás de Aquino
100 _aBARROS, Leandro Gomes de
240 1 0 _aO cavalo que defecava dinheiro
_lpor
245 1 0 _aO cavalo que defecava dinheiro
697 _aLiteratura de cordel Livros de bolso ou folhetos com histórias e músicas populares
942 _cBK
999 _c147147
_d147147